Presidential Elections and Structure of Industry in Ukraine

Gespeichert in:
Bibliographische Detailangaben
1. Verfasser: Halushka, Andrij A.
Format: Buch
Sprache:Englisch
Veröffentlicht: Wien Institut für Höhere Studien 1994
Ausgabe:1. ed.
Schriftenreihe:East European Series No.14
Schlagworte:
Tags: Tag hinzufügen
Keine Tags, Fügen Sie das erste Tag hinzu!

MARC

LEADER 00000nam a2200000 4500
001 c012649
005 20221205140934.7
041 0 |a eng 
044 |a AT 
245 1 0 |a Presidential Elections and Structure of Industry in Ukraine  |c Andrij A. Halushka 
250 |a 1. ed. 
264 1 |a Wien  |b Institut für Höhere Studien  |c 1994 
300 |a 11 s. 
490 1 |a East European Series  |v No.14 
830 0 |a East European Series  |v No.14 
610 2 0 |a priemysel 
610 2 0 |a štruktúra ekonomická 
610 2 0 |a štruktúra obyvateľstva ekonomická 
610 2 0 |a prezidenti 
610 2 0 |a voľby 
610 2 0 |a kríza hospodárska 
610 2 0 |a 1992-1994 
610 2 0 |a Ukrajina 
100 1 |a Halushka, Andrij A.